El niño de 7 y 8 años
Gorde:
| Egile Nagusiak: | , , , |
|---|---|
| Formatua: | Liburua |
| Hizkuntza: | gaztelania |
| Argitaratua: |
Buenos Aires
Paidós
1967
|
| Saila: | Biblioteca del educador contemporáneo. Serie menor, 57
|
| Gaiak: | |
| Etiketak: |
Etiketa erantsi
Etiketarik gabe, Izan zaitez lehena erregistro honi etiketa jartzen!
|
MARC
| LEADER | 00000nam a2200000 a 4500 | ||
|---|---|---|---|
| 001 | UCZ0120 | ||
| 003 | CL-VaPUC | ||
| 008 | 950724e19670000AG |||||||||||||||||spa|d | ||
| 082 | 0 | 4 | |a 155.41 |b GES |2 21 |
| 100 | |a Gesell, Arnold Lucius |e author |9 488199 | ||
| 700 | 0 | |a Ilg, Frances L |e author |9 342733 | |
| 700 | 0 | |a Ames, Louise Bates |e author |9 342734 | |
| 700 | 0 | |a Bullis, Glenna E |e author |9 342735 | |
| 245 | 1 | 3 | |a El niño de 7 y 8 años |
| 300 | |a 98 p | ||
| 942 | |c BK | ||
| 945 | |d 19950724 00:00:00 |a cmena | ||
| 260 | |a Buenos Aires |b Paidós |c 1967 | ||
| 650 | 0 | |a Psicología del niño |9 307305 | |
| 650 | 0 | |a Comportamiento |9 308406 | |
| 650 | 0 | |a Personalidad |9 307255 | |
| 650 | 0 | |a Sexo |9 257818 | |
| 650 | 0 | |a Relaciones interpersonales |9 307056 | |
| 650 | 0 | |a Ética |9 255099 | |
| 583 | |a last modification |c 19950724 00:00:00 |k Rodrigo Vera | ||
| 490 | 0 | |a Biblioteca del educador contemporáneo. Serie menor, 57 | |
| 999 | |c 237087 |d 237085 | ||
| 952 | |0 0 |1 0 |4 0 |6 155_410000000000000_GES_1967 |7 0 |8 R |9 245858 |a BIBEDU |b BIBEDU |c MCIRC |d 2019-11-18 |i 1544152 |o 155.41 GES 1967 |p 1544152 |r 2023-01-13 |w 2019-11-18 |y BK_R |k EDU | ||
| 952 | |0 0 |1 0 |4 0 |6 155_410000000000000_GES_1967 |7 0 |8 R |9 245859 |a BIBEDU |b BIBEDU |c MCIRC |d 2019-11-18 |i 1544160 |o 155.41 GES 1967 |p 1544160 |r 2023-01-13 |w 2019-11-18 |y BK_R |k EDU | ||